जैन परम्परा और श्रमण संस्कृति / (Record no. 120602)
[ view plain ]
| 000 -LEADER | |
|---|---|
| fixed length control field | 01282nam a22002657a 4500 |
| 005 - DATE AND TIME OF LATEST TRANSACTION | |
| control field | 20170124103200.0 |
| 010 ## - LIBRARY OF CONGRESS CONTROL NUMBER | |
| LC control number | B-082048 |
| 020 ## - INTERNATIONAL STANDARD BOOK NUMBER | |
| Terms of availability | 600.00 |
| International Standard Book Number | 8185616825 |
| 035 ## - SYSTEM CONTROL NUMBER | |
| System control number | B-082048 |
| 037 ## - SOURCE OF ACQUISITION | |
| Source of stock number/acquisition | Cen Lib/Ret |
| 040 ## - CATALOGING SOURCE | |
| Original cataloging agency | DPL |
| Language of cataloging | HN |
| 082 ## - DEWEY DECIMAL CLASSIFICATION NUMBER | |
| Classification number | 240 |
| Item number | जैनही |
| 100 ## - MAIN ENTRY--PERSONAL NAME | |
| Personal name | जैन, हीरालाल |
| 9 (RLIN) | 43761 |
| 245 ## - TITLE STATEMENT | |
| Title | जैन परम्परा और श्रमण संस्कृति / |
| Statement of responsibility, etc | हीरालाल जैन ; सम्पादक धरमचंद जैन |
| 246 ## - VARYING FORM OF TITLE | |
| Title proper/short title | Jain parampara aur shraman sanksriti / |
| Remainder of title | by Hiralal Jain ; sampadak Dharam Chand Jain |
| 260 ## - PUBLICATION, DISTRIBUTION, ETC. (IMPRINT) | |
| Name of publisher, distributor, etc | शारदा पब्लिशिंग हाउस |
| Place of publication, distribution, etc | दिल्ली |
| Date of publication, distribution, etc | 2002 |
| 270 ## - ADDRESS | |
| Address | 40, आनन्द नगर, इन्द्रलोक |
| City | दिल्ली |
| Postal code | 110035 |
| 300 ## - PHYSICAL DESCRIPTION | |
| Extent | xi,322पृ. |
| Dimensions | 21सेमी(सजिल्द) |
| 650 ## - SUBJECT ADDED ENTRY--TOPICAL TERM | |
| Topical term or geographic name as entry element | जैन धर्म - सिद्धांतों |
| 9 (RLIN) | 91503 |
| 650 ## - SUBJECT ADDED ENTRY--TOPICAL TERM | |
| Topical term or geographic name as entry element | मठ और धार्मिक जीवन (जैन धर्म) |
| 9 (RLIN) | 91504 |
| 650 ## - SUBJECT ADDED ENTRY--TOPICAL TERM | |
| Topical term or geographic name as entry element | Jainism -- Doctrines. |
| 9 (RLIN) | 91505 |
| 650 ## - SUBJECT ADDED ENTRY--TOPICAL TERM | |
| Topical term or geographic name as entry element | Monastic and religious life (Jainism) |
| 9 (RLIN) | 91506 |
| 700 ## - ADDED ENTRY--PERSONAL NAME | |
| Personal name | जैन, धरमचंद |
| 9 (RLIN) | 91507 |
| 942 ## - ADDED ENTRY ELEMENTS (KOHA) | |
| Source of classification or shelving scheme | Dewey Decimal Classification |
| Koha item type | Hindi Books |
| Classification part | 240 |
| Call number suffix | जैनही |
| Withdrawn status | Lost status | Damaged status | Not for loan | Home library | Current library | Date acquired | Source of acquisition | Cost, normal purchase price | Total Checkouts | Full call number | Barcode | Date last seen | Date checked out | Copy number | Cost, replacement price | Price effective from | Koha item type |
|---|---|---|---|---|---|---|---|---|---|---|---|---|---|---|---|---|---|
| Central Library | Central Library | 23/09/2015 | Cen Lib/Ret | 600.00 | 2 | 240 जैनही | B-082048 | 30/11/2018 | 17/11/2018 | 1 | 600.00 | 23/09/2015 | Hindi Books |
